USA - Telefonvorwahlen 5XX - Statistiken

Allgemein
  • Dieses Quiz wurde 9 mal gespielt
  • Das Durchschnittsergebnis liegt bei 7 aus 37
Antwortstatistiken
Hint Antwort % Korrekt
520 Arizona
50%
512 Texas
50%
501 Arkansas
25%
510 California
25%
530 California
25%
559 California
25%
562 California
25%
561 Florida
25%
574 Indiana
25%
515 Iowa
25%
502 Kentucky
25%
504 Louisiana
25%
508 Massachusetts
25%
517 Michigan
25%
505 New Mexico
25%
575 New Mexico
25%
518 New York
25%
585 New York
25%
513 Ohio
25%
580 Oklahoma
25%
503 Oregon
25%
570 Pennsylvania
25%
540 Virginia
25%
571 Virginia
25%
509 Washington
25%
563 Iowa
0%
586 Michigan
0%
507 Minnesota
0%
557 Missouri
0%
573 Missouri
0%
531 Nebraska
0%
551 New Jersey
0%
516 New York
0%
567 Ohio
0%
541 Oregon
0%
564 Washington
0%
534 Wisconsin
0%
Keine übereinstimmenden Quizze gefunden
Verteilung der Resultate
Anzahl Personen mit jedem Resultat
Perzentil nach korrekt beantworteten Fragen
Ihre Resultats-Entwicklung
Sie haben dieses Quiz noch nicht gespielt